00414nam a2200145 i 450000100060000000300090000600500170001500700030003200800410003510000320007624500690010826000480017730000220022585200210024730979ES-MaACL20230906154302.0t|030128s1896 xxu ||||1| spa d1 aBatres Jáuregui, Antonio.10aMemorias de antaño b: 1896 / cpor Antonio Batres Jáuregui. aSan Francisco : bPacífico Press, c1896. a286 p. ; c19 cm. aES-MaACLjC-2696